Quizzes
Events
Quiz Creation
Community
Videos
Private Events
Remove Ads
Sign In
Join for FREE
Feedback
Dark Mode
Quiz Categories
Sports
Geography
Music
Movies
Television
Just For Fun
Miscellaneous
History
Literature
Language
Science
Gaming
Entertainment
Religion
Holiday
For Kids
Quiz Lab
Recent
Popular Today
Quiz Kudos Today
Editor Picks
Curator Picks
Quizzes by...
Day
Popularity
Type
Ratings
Length
Year
Community
Subscriptions
Recent Discussions
Orange Saloon
Badges
Playlists
Quests
Create
Leaderboards
Showdown
Live 5
Trivia Bingo
Activity
Puzzle Library
Sporcle Events
Private Events
Virtual Trivia
Globe League
Become a Host
Pub Owners
SporcleCon
Opinionation
Our Games
Videos
Blog
Mobile Apps
Partnerships
Remove Ads and Go Orange
Feedback
Music
Pop Music
The Beatles
Song
Album
Lyrics
Bands
Singers
Artist
Clip
Rock
Rap
Classical
Billboard
Country Music
Kpop
Taylor Swift
Music
Pop Music
The Beatles
Song
Album
Lyrics
Bands
Singers
Artist
Clip
Rock
Rap
Classical
Billboard
Country Music
Kpop
Taylor Swift
Random Quiz
Search Sporcle
×
Quiz Lab
Quiz Lab
Music
Album
Type in answers that appear in a list
Type in answers that appear in a list
Classic
Best Score? Go Orange.
Running Wild Albums Stats
Can you name the Running Wild Albums?
By
Renly
7m
20 Questions
62 Plays
62 Plays
62 Plays
Comments
Comments
Give Quiz Kudos
Give Quiz Kudos
-
- Ratings
hide this ad
More Info
Replay
Link that replays current quiz
Next Quiz
Link to next quiz in quiz playlist
You Got
0%
They Got
Avg Score
71%
Avg Friend Score
Upgrade to see
Score Distribution
Jump to the score distribution portion of the page
Score
0/20
Timer
07:00
0
Plays Today
Year
Album
% Correct
1987
Under Jolly Roger
100%
1988
Port Royal
98.4%
1989
Death or Glory
90.3%
1992
Pile of Skulls
90.3%
1994
Black Hand Inn
88.7%
1985
Branded and Exiled
83.9%
1995
Masquerade
83.9%
1984
Gates to Purgatory
79%
2002
The Brotherhood
79%
1991
Blazon Stone
75.8%
Year
Album
% Correct
1998 (EP) -
also name of '98 album
The Rivalry
75.8%
1998
The Rivalry
75.8%
2000
Victory
71%
2005
Rogues En Vogue
64.5%
1988 (Live)
Ready for Boarding
61.3%
2011 (Live)
The Final Jolly Roger
50%
2002 (Live)
Live
46.8%
1990 (EP)
Wild Animal
43.5%
1991 (EP)
Little Big Horn
38.7%
1984 (EP)
Victim of States Power
35.5%
Quiz Playlist
Details
Report
Send in Message
Add To Playlist
More Info:
Includes bonuses, so guess all the RW releases you know.
Classic:
Type in answers that appear in a list
Last Updated: Feb 16, 2017
Quiz Scoreboard
CHALLENGE
Sign Up to Join the Scoreboard
Show All
Scores
Hide
Comments
May contain spoilers
Recently Published
Movies - When Are They Set?
by FPL_Elf
Movies
5m
Popular People in 1961
by mucciniale
History
6m
1-10 Letter E Words III
by El_Dandy
Language
2m
More to Explore
Quiz From the Vault
Featured Blog Post
Where Did the Easter Bunny Come From?
hide this ad
You Might Also Like...
Tags
Album Quiz
German Quiz
Discography
Heavy Metal
metal
Metal Bands
Power Metal
Studio Albums
Studio Release
Today's Top Quizzes in Music
Browse Music
hide this ad
Today's Top Quizzes in Album
Browse Album
Top Contributed Quizzes in Music
1
Taylor Swift All Songs (2024)
2
2010s Album by Cover III
3
One Thing in Common: Music
4
Taylor Swift Logic Puzzle
5
Guess the Artist- 70s Songs
6
2010s Album by Cover IV
7
Guess the Taylor Swift song (Mystery Song)
8
2010s Album by Cover V
9
Lana Del Rey Discography (BTD to DYKTTATUOB)
10
2010s Album by Cover VI
Explore More
Trending Topics
Disney
Anime
NBA
Kpop
Marvel
Harry Potter
Crossword
Pokémon
Song
Soccer
Puzzle
The Office
WWE
NFL
Country
hide this ad
More By:
Renly
Quiz
Plays
Rating
Category
Featured
Created
A Nightmare on Elm Street Films
1,179
3.00
Movies
Sep 1, 2011
Motorhead Studio Albums
908
5.00
Music
Aug 8, 2011
Hannibal Lecter Films
870
4.33
Movies
Sep 1, 2011
The Texas Chainsaw Massacre Films
392
4.33
Movies
Sep 1, 2011
Helloween Albums
304
3.67
Music
Aug 8, 2011
Go to Creator's Profile
Score Distribution
Quiz Creator Spotlight
Renly
Follow
Send a Message
Quizzes Created
-
Created Quiz Play Count
-
More By This Creator
Popular Quizzes Today
1
Find the US States - No Outlines Minefield
2
Find the Countries of Europe - No Outlines Minefield
3
The Countries of the World
4
Popular People in 1961
5
1-10 Letter E Words III
6
US States
7
Find the US States
8
One Thing in Common: World Cities II
More Music Quizzes
Top Hit Artists of the '90s
Published
Trending Quizzes
Risky Map Clicking: Least Populous States A-Z
1-10 Letter F Words
1-10 Letter G Words
One Thing in Common: United Kingdom
Risky Map Clicking: Next State Alphabetically
Recently Updated
Leaping Animals
pecheneg
Reality TV Shows (A-Z)
bhenderson79
Rickey Henderson's Hall of Fame Teammates
pecheneg
Champions League XIs: Arsenal
pecheneg
Quick Pick: Celebrities in WWE's Hall of Fame
aduchscher
A-Z Keypad Blitz II
pecheneg
Multiple Oscar Actors
pecheneg
Mystery Phrase Blitz: Oscar 'Best Actors'
pecheneg
F. Scott Fitzgerald Novels
LTH
Pick 3 Villains
ddd62291
Trending Topics
Disney
Anime
Marvel
NBA
Crossword
Kpop
Harry Potter
WWE
Puzzle
Pokémon
Song
Soccer
Country
NFL
The Office
Your Account Isn't Verified!
In order to create a playlist on Sporcle, you need to verify the email address you used during registration. Go to your
Sporcle Settings
to finish the process.
Report this User
Report this user for behavior that violates our
Community Guidelines
.
Details:
Send Report
Go to the Sporcle.com Mobile Site →
Comments